Advanced mechanics of fluids /

Gardado en:
Detalles Bibliográficos
Outros autores: Rouse, Hunter, 1906-, Appel, D. W.
Formato: Libro
Idioma:English
Publicado: New York : John Wiley & Sons, 1959.
Subjects:
LEADER 00987cam a2200277 a 4500
001 c000278395
003 CARM
005 20071218180802.0
008 960219s1959 nyu b 001 0 eng|d
010 |a 58013921 
019 1 |a 12413177  |z 3048792  |z 25027313  |z 56486209  |5 LACONCORD2021 
035 |a (OCoLC)490458  |5 LACONCORD2021 
040 |a NS:GR  |c x 
050 0 0 |a QA901  |b .A19 
082 0 4 |a 532 
245 0 0 |a Advanced mechanics of fluids /  |c by D.W. Apel...[et al] under the editorship of Hunter Rouse. 
260 |a New York :  |b John Wiley & Sons,  |c 1959. 
300 |a xiv,444 p. 
500 |a Includes bibliographies. 
504 |a Includes bibliography. 
650 0 |a Fluid mechanics. 
700 1 |a Rouse, Hunter,  |d 1906- 
700 1 |a Appel, D. W. 
852 8 |b CARM  |h A1:AL19D0  |i C10498  |p 0398462  |f BK 
999 f f |i 579d52ad-86ac-5020-90c5-7643f3257766  |s ec9be27b-c728-5fd5-a9ab-ab0e4bccb0f0 
952 f f |p Can circulate  |a CAVAL  |b CAVAL  |c CAVAL  |d CARM 1 Store  |e C10498  |f A1:AL19D0  |h Other scheme  |i book  |m 0398462